Нефтегорское землетрясение 27 (28) мая 1995 года на Сахалине
| Autor principal: | |
|---|---|
| Autor corporatiu: | , |
| Altres autors: | |
| Sumari: | На обл. авт. не указан Текст парал. : рус., англ. В основу фотоальбома легли фотографии последствий Нефтегорского землетрясения 27(28) мая 1995 г. и комментарии к ним А. И. Кожурина, Л. С. Оскорбина, А. А. Поплавского и М. И. Стрельцова, сделанные во время полевого обследования очаговой зоны землетрясения. Ряд фотографий был любезно предоставлен Я. Судзуки. Некоторые фотографии заимствованы из опубликованных материалов. |
| Idioma: | rus anglès |
| Publicat: |
Москва, Янус-К, 2005
|
| Matèries: | |
| Format: | Llibre |
| KOHA link: | https://koha.lib.tpu.ru/cgi-bin/koha/opac-detail.pl?biblionumber=80291 |
MARC
| LEADER | 00000nam0a2200000 4500 | ||
|---|---|---|---|
| 001 | 80291 | ||
| 005 | 20231031094536.0 | ||
| 010 | |z 5-8037-0256-0 (error) |b 500 экз. | ||
| 021 | |a RU |b 05-40557 |9 05-2016 | ||
| 035 | |a (RuTPU)RU\TPU\book\86300 | ||
| 090 | |a 80291 | ||
| 100 | |a 20050902d2005 k y0rusy5002 ca | ||
| 101 | 0 | |a rus |a eng | |
| 102 | |a RU | ||
| 105 | |a a z 000zy | ||
| 200 | 1 | |a Нефтегорское землетрясение 27 (28) мая 1995 года на Сахалине |f М. И. Стрельцов |g под ред. А. И. Иващенко [и др.]; Рос. акад. наук, Ин-т мор. геологии и геофизики ДВО РАН, Геол. ин-т РАН | |
| 210 | |a Москва |c Янус-К |d 2005 | ||
| 215 | |a 177 с. |c ил. |d 29 см. | ||
| 300 | |a На обл. авт. не указан | ||
| 300 | |a Текст парал. : рус., англ. | ||
| 330 | |a В основу фотоальбома легли фотографии последствий Нефтегорского землетрясения 27(28) мая 1995 г. и комментарии к ним А. И. Кожурина, Л. С. Оскорбина, А. А. Поплавского и М. И. Стрельцова, сделанные во время полевого обследования очаговой зоны землетрясения. Ряд фотографий был любезно предоставлен Я. Судзуки. Некоторые фотографии заимствованы из опубликованных материалов. | ||
| 510 | 1 | |a The may 27(28) 1995 Neftegorsk earthquake on Sakhalin island | |
| 610 | 1 | |a землетрясения | |
| 610 | 1 | |a Нефтегорское землетрясение | |
| 610 | 1 | |a Сахалин | |
| 610 | 1 | |a 20 век | |
| 610 | 1 | |a земная поверхность | |
| 610 | 1 | |a сейсморазрывы | |
| 610 | 1 | |a разрушения | |
| 610 | 1 | |a повреждения | |
| 610 | 1 | |a здания | |
| 610 | 1 | |a автомагистрали | |
| 610 | 1 | |a мосты | |
| 610 | 1 | |a нефтепроводы | |
| 610 | 1 | |a оползни | |
| 610 | 1 | |a грунты | |
| 610 | 1 | |a разжижение | |
| 610 | 1 | |a разломы | |
| 610 | 1 | |a Нефтегорск | |
| 675 | |a 550.348.436 |v 3 |z rus | ||
| 700 | 1 | |a Стрельцов |b М. И. |g Михаил Иванович |4 070 | |
| 702 | 1 | |a Иващенко |b А. И. |4 340 | |
| 712 | 0 | 2 | |a Российская академия наук |b Геологический институт (ГИН РАН) |c (Москва) |2 stltpush |3 (RuTPU)RU\TPU\col\165 |
| 712 | 0 | 2 | |a Российская академия наук (РАН) |b Дальневосточное отделение (ДВО) |b Институт морской геологии и геофизики (ИМГиГ) |c (Южно-Сахалинск) |2 stltpush |3 (RuTPU)RU\TPU\col\4388 |
| 801 | 0 | |a RU |b RKP |c 20050725 |g PSBO | |
| 801 | 1 | |a RU |b 63413507 |c 20050902 |g PSBO | |
| 801 | 2 | |a RU |b 63413507 |c 20090430 |g PSBO | |
| 942 | |c BK | ||